| 000 | 00569nam a2200205 a 4500 | ||
|---|---|---|---|
| 003 | DO-SdBNP | ||
| 005 | 20220901134455.0 | ||
| 007 | ta | ||
| 008 | 220830e2013 dr ||||er|||| 001 pdspa d | ||
| 040 |
_aDO-SdBNP _bspa _cBNPHU |
||
| 082 | 4 |
_222 _bF316c |
|
| 245 | 1 | 3 |
_aEl clavel inmarcesible _cHidalgo Alonso |
| 260 |
_a[Santo Domingo] : _bAmigo del Hogar, _c2013 |
||
| 300 |
_a58 p. ; _c22 cm. |
||
| 590 | _aInvnetariado 2022 / MF | ||
| 650 | 4 |
_978578 _aLiteratura _zRepública Dominicana |
|
| 650 | 4 |
_981340 _aPoesía dominicana |
|
| 910 | _aMFeliz | ||
| 942 |
_2ddc _cLBS1 |
||
| 999 |
_c52345 _d52345 |
||